| 000 | 00886namaa2200253 i 4500 | ||
|---|---|---|---|
| 001 | 178932 | ||
| 003 | ES-MaACL | ||
| 005 | 20250828061217.0 | ||
| 008 | 110810s1905 fr | |||| ||fre d | ||
| 040 |
_aSpMaBN _bspa _cSpMaBN _erdc |
||
| 080 | _a612.76 | ||
| 100 | 1 |
_aDemeny, Georges. _943635 |
|
| 245 | 1 | 0 |
_aMécanisme et éducation des mouvements / _cpar Georges Demeny. |
| 250 | _a2ém. ed. rev. aug. | ||
| 260 |
_aParis : _bFélix Alcan : _bAncienne Librairie Germer Baillière et Cª, _c1905. |
||
| 300 |
_aII, 523 p. : _bil. ; _c22 cm. |
||
| 490 | 1 |
_aBibliothèque scientifique internationale ; _v99 |
|
| 500 | _aAvec 566 figures dans le texte. | ||
| 650 | 4 |
_aBiomecánica. _9147572 |
|
| 650 | 7 |
_aEducación psicomotriz _2embne _9147573 |
|
| 830 | 0 |
_aBibliothèque scientifique internationale ; _v99 _9186949 |
|
| 852 |
_aES-MaACL _jF-14427 |
||
| 999 |
_c178932 _d178932 |
||